| 000 | 00845nas a2200277 4500 | ||
|---|---|---|---|
| 001 | BR2011004574 | ||
| 003 | BR-BrBNA | ||
| 005 | 20231205115535.0 | ||
| 007 | ta | ||
| 008 | 230509b bl.|||p| |||| 00| 00por d | ||
| 040 |
_aBR-BrBNA _bpor _cBiblioteca Nacional de Agricultura |
||
| 041 | _a(Pt) | ||
| 072 | _aH20 | ||
| 100 | 1 | _aFigueirêdo, V.R. de | |
| 100 | 1 | _aBezerra, J.L. | |
| 245 | 1 | _aEstudo de fungos Aphyllophorales (Basidiomycetes)no sul da Bahia | |
| 246 | 1 | _aStudy of Aphyllophorales Fungi in Southern Bahia | |
| 650 | _aFUNGO | ||
| 650 | _aTAXONOMIA | ||
| 650 | _aBASIDIOMICETES | ||
| 650 | _aBAHIA | ||
| 773 | 0 |
_tAgrotrópica (Brazil) _xISSN 0103-3816 _g(May-Aug 2010), v. 22(2) p. 111-122 _wBR2011004574 |
|
| 856 | 4 | 0 | _dLink DSPACE/MAPA BR2011004574 |
| 909 |
_a202311 _bLúcia _c55 _dLúcia Elande |
||
| 942 |
_2AGRIS _n0 _cANA |
||
| 999 |
_c214333 _d214333 |
||